Target plus plus citra pintar Bahasa Malaysia
| Main Author: | |
|---|---|
| Format: | Book |
| Published: |
Petaling Jaya :
Sasbadi Sdn. Bhd. ,
2001
|
| Subjects: |
MARC
| LEADER | 00000cam a2200000 7i4500 | ||
|---|---|---|---|
| 001 | 0000043361 | ||
| 005 | 20010422.0 | ||
| 020 | |a 9835909229 | ||
| 090 | 0 | 0 | |a 499.28 |b SAL |
| 100 | 0 | |a Saleh Ahmad, | |
| 245 | 1 | 0 | |a Target plus plus citra pintar Bahasa Malaysia |c Saleh Ahmad |
| 260 | |a Petaling Jaya : |b Sasbadi Sdn. Bhd. , |c 2001 | ||
| 300 | |a 190 p. ; |c 20 cm. | ||
| 650 | 0 | 0 | |a Malay language |x UPSR |
| 999 | |a 103000 |b BUKU |c PINJAMAN |e PERPUSTAKAAN KOMUNITI PETALING JAYA | ||
| 999 | |a 103001 |b BUKU |c PINJAMAN |e PERPUSTAKAAN KOMUNITI PETALING JAYA | ||